| 000 | 00802cam a2200265 a 4500 | ||
|---|---|---|---|
| 003 | UPN | ||
| 005 | 20221110112029.0 | ||
| 008 | 190704s2007 mx fr 000 e spa d | ||
| 020 | _a9789703250554 | ||
| 035 | _aUPN01000231719 | ||
| 040 |
_aMX-MxUPN _bspa _cMX-MxUPN |
||
| 049 | _aCG | ||
| 050 | 4 |
_aPN56 M376 _bG66 2007 |
|
| 100 | 1 |
_aGonzález Ochoa, César _943212 |
|
| 245 | 1 | 0 | _aCinco ensayos sobre la mediación |
| 250 | _aPrimera edición | ||
| 260 |
_aMéxico, D.F. : _bUNAM, Instituto de Investigaciones Filológicas, _c2007. |
||
| 300 |
_a157 páginas : _bilustraciones |
||
| 490 | 0 |
_aCuadernos del Centro de Poética ; _v26 |
|
| 650 | 0 |
_aMediación en la literatura _927841 |
|
| 902 | _bVíctorGodínez/101122/M | ||
| 905 | _aLibro | ||
| 942 |
_2lcc _cLIBRO |
||
| 999 |
_c203814 _d203814 |
||